书目信息 |
| 题名: |
周作人集
|
|
| 作者: | 马蹄疾 , 陈漱渝 主编 | |
| 分册: | ||
| 出版信息: | 北京 知识出版社 1997.05 |
|
| 页数: | 239页 | |
| 开本: | 32开 | |
| 丛书名: | ||
| 单 册: | ||
| 中图分类: | I266 | |
| 科图分类: | ||
| 主题词: | 散文--中国 , 散文--作品综合集--中国 | |
| 电子资源: | ||
| ISBN: | 7-5015-1468-2 | |
| 000 | 00581nam0 2200205 45 | |
| 001 | 0009021782 | |
| 005 | 20000902174717.7 | |
| 010 | @a7-5015-1468-2@d16.00元 | |
| 100 | @a20000902d1997 km y0chiy0120 ea | |
| 101 | 0 | @achi |
| 200 | 1 | @a周作人集@AZhou Zuo Ren Ji@f马蹄疾,陈漱渝主编@FMa Ti Ji,Chen Shu Yu Zhu Bian |
| 210 | @a北京@c知识出版社@d1997.05 | |
| 215 | @a239页@d32开 | |
| 606 | 0 | @a散文@x中国 |
| 606 | 0 | @a散文@x作品综合集@x中国 |
| 690 | @aI266@v3 | |
| 701 | 0 | @a马蹄疾@4主编 |
| 701 | 0 | @a陈漱渝@4主编 |
| 801 | @aCN@bPftUser@c20000902 | |
| 905 | @b1155-159@dI266@eZH723@f5 | |
| 周作人集/马蹄疾,陈漱渝主编.-北京:知识出版社,1997.05 |
| 239页;32开 |
| ISBN 7-5015-1468-2:16.00元 |
| ● |
| 相关链接 |
|
|
|
正题名:周作人集
索取号:I266/ZH723
 
预约/预借
| 序号 | 登录号 | 条形码 | 馆藏地/架位号 | 状态 | 备注 |
| 1 | 115545 | 201155454 | 文学库116/116文学库 2排2列4层/ [索取号:I266/ZH723] | 在馆 | |
| 2 | 115546 | 201155463 | 文学库116/116文学库 2排2列4层/ [索取号:I266/ZH723] | 在馆 | |
| 3 | 115547 | 201155472 | 社科二线422/422社科库 49排5列3层/ [索取号:I266/ZH723] | 在馆 | |
| 4 | 115548 | 201155481 | 社科二线422/422社科库 49排5列3层/ [索取号:I266/ZH723] | 在馆 | |
| 5 | 115549 | 201155490 | 自科二线404/400B社科库 8排3列1层/ [索取号:I266/ZH723] | 在馆 |